000 00465nam a2200169Ia 4500
003 OSt
005 20201103114026.0
008 190216s9999||||xx |||||||||||||| ||und||
040 _coclc
082 _a920
_bMAR/P
100 _aMarar, T R K
_96214
245 0 _aPortraits /
_c T R K Marar
260 _bThe National Publishing Company,
_c1969.
_aMadras:
300 _a120p
650 _aBiography
942 _cBK
_2ddc
_h920
_iMAR/P
_k920
_mMAR/P
999 _c12569
_d12569